| 000 | 00760nam a2200193 a 4500 | ||
|---|---|---|---|
| 005 | 20210223122901.0 | ||
| 008 | 991125s1965 mx 000 0 spa u | ||
| 035 | _aUPN01000043411 | ||
| 049 | _aLT | ||
| 050 | 4 |
_aLB1641 M6.1 _bA7.6 LE |
|
| 100 | 1 |
_aArredondo Muñozledo, Benjamín _928756 |
|
| 245 | 1 | 0 |
_aPanorama de historia universal : _bcuaderno de trabajo / _cBenjamín Arredondo Muñozledo. |
| 260 |
_aMéxico : _bFournier, _c1965. |
||
| 300 | _aviii, 154 p., [8] p. de láms. | ||
| 500 | _aTítulo de la cubierta: Cuaderno de trabajo del panorama de historia universal | ||
| 500 | _a"Para uso de los alumnos de primer año de enseñanza secundaria y tecnológica" | ||
| 650 | 4 |
_aHISTORIA UNIVERSAL- _xESTUDIO Y ENSEÑANZA (SECUNDARIA) |
|
| 905 | _aLibro | ||
| 999 |
_c43411 _d43411 |
||